LEADER 02004nam 2200433z- 450 001 9910346946603321 005 20210212 010 $a1000091371 035 $a(CKB)4920000000101056 035 $a(oapen)https://directory.doabooks.org/handle/20.500.12854/60533 035 $a(oapen)doab60533 035 $a(EXLCZ)994920000000101056 100 $a20202102d2019 |y 0 101 0 $ager 135 $aurmn|---annan 181 $ctxt$2rdacontent 182 $cc$2rdamedia 183 $acr$2rdacarrier 200 00$aTechnik- und Wissenschaftsgeschichte in der universita?ren Lehre. Formate, Adressaten, Konzepte 210 $cKIT Scientific Publishing$d2019 215 $a1 online resource (IV, 131 p. p.) 225 1 $aTechnikdiskurse : Karlsruher Studien zur Technikgeschichte / Hrsg.: Karlsruher Institut für Technologie (KIT), Institut für Technikzukünfte, Teilinstitut für Geschichte 311 08$a3-7315-0902-4 330 $aThis edited volume, for the first time, presents examples for three categories of university courses in teaching the history of technology and science: introductory courses, object-oriented teaching and interdisciplinary teaching. The resulting overview encourages to experiment with new formats in teaching the history of technology and science, to foster exchange on such efforts and, not the least, to more comprehensively appreciate engagement in university teaching. 610 $aDidactics 610 $aDidaktik 610 $aForschendes Lernen 610 $aHistory of Science 610 $aHistory of Technology 610 $aLehrveranstaltungen 610 $aResearch-Oriented Teaching 610 $aTechnikgeschichte 610 $aUniversity Courses 610 $aWissenschaftsgeschichte 700 $aPopplow$b Marcus [Hrsg.]$4auth$01283230 906 $aBOOK 912 $a9910346946603321 996 $aTechnik- und Wissenschaftsgeschichte in der universitären Lehre. Formate, Adressaten, Konzepte$93018998 997 $aUNINA LEADER 01247nas 2200409 c 450 001 9910891769903321 005 20260218112934.0 035 $a(DE-599)ZDB3104871-7 035 $a(OCoLC)1291347756 035 $a(DE-101)1248606434 035 $a(CKB)4910000000548027 035 $a(DE-599)3104871-7 035 $a(EXLCZ)994910000000548027 100 $a20211230a20159999 |y | 101 0 $arus 135 $aur||||||||||| 181 $ctxt$2rdacontent 182 $cc$2rdamedia 183 $acr$2rdacarrier 200 00$aVestnik Altajskogo gosudarstvennogo pedagogic?eskogo universiteta 210 31$aBarnaul$cAltajskij gosudarstvennyj pedagogic?eskij universitet$d[2015?]- 215 $aOnline-Ressource 300 $aInhaltliche Gliederung im Jahr 2015 mit wechselnden Inhalten 311 08$a2413-4481 608 $aZeitschrift$2gnd-content 676 $a370 676 $a150 676 $a940 686 $aOST$qDE-12$2fid 712 02$aAltajskij gosudarstvennyj pedagogic?eskij universitet$4isb 801 0$b0012 801 1$bDE-101 801 2$b9999 906 $aJOURNAL 912 $a9910891769903321 996 $aVestnik Altajskogo Gosudarstvennogo Pedagogi?eskogo Universiteta$94239812 997 $aUNINA